Fiber Optics in Telecommunication & Sensor Systems ( DEPARTMENTAL ) (Record no. 4744)

MARC details
000 -LEADER
fixed length control field 00435nam a2200157Ia 4500
008 - FIXED-LENGTH DATA ELEMENTS--GENERAL INFORMATION
fixed length control field 221030s9999 xx 000 0 und d
041 ## - LANGUAGE CODE
Language code of text/sound track or separate title
082 ## - DEWEY DECIMAL CLASSIFICATION NUMBER
Classification number 105.23
Item number Pal
100 ## - MAIN ENTRY--AUTHOR NAME
Personal name B. P. Pal
245 #0 - TITLE STATEMENT
Title Fiber Optics in Telecommunication & Sensor Systems ( DEPARTMENTAL )
Statement of responsibility, etc by B. P. Pal
250 ## - EDITION STATEMENT
Edition statement 1st
260 ## - PUBLICATION, DISTRIBUTION, ETC. (IMPRINT)
Name of publisher New Age International Pub.
Place of publication New Delhi
Year of publication 2005
300 ## - PHYSICAL DESCRIPTION
Number of Pages 778
650 ## - SUBJECT ADDED ENTRY--TOPICAL TERM
Topical Term ECE Departmental
942 ## - ADDED ENTRY ELEMENTS (KOHA)
Koha item type Books
Holdings
Accession Number Cost, normal purchase price Full call number Price effective from Koha item type Withdrawn / writtenoff status Materials specified (bound volume or other part) Damaged status Not for loan Permanent Location Current Location Shelving location Date acquired Lost/ Missing status department
BE 7792 350.00 105.23 Pal 10/30/2022 Books   Print     MIET Library, Jammu MIET Library, Jammu BL-Departmental, FL-1, CUP-15, SH-2, R-2 11/22/2005   BE